| 000 | 01194cam a22003497a 4500 | ||
|---|---|---|---|
| 003 | CHAP | ||
| 005 | 20220329141105.0 | ||
| 008 | 971013s1975 r 00010 d | ||
| 010 | _a62446 | ||
| 011 | _a63418 | ||
| 035 | _a67594 | ||
| 040 | _cCHAP | ||
| 082 |
_a633.17 _bW3Y |
||
| 100 | 0 | 0 |
_aWall, Joseph S. _ecomp. _9120906 |
| 245 | 0 |
_aProducción y usos del sorgo _c/por Joseph S. Wall |
|
| 260 |
_aBuenos Aires : _bHemisferio Sur, _c1975 |
||
| 300 |
_a399 p. _b: ilus. |
||
| 500 | _aTrad. de : Sorghum production and utilization | ||
| 590 |
_aBATCH-UPD _b10 _c20130110 _lUCH01 _h0507 |
||
| 590 |
_aBATCH-UPD _b10 _c20130410 _lUCH01 _h0145 |
||
| 590 |
_aBATCH-UPD _b10 _c20130914 _lUCH01 _h2009 |
||
| 590 |
_aCONVERSION _b10 _c20130109 _lUCH01 _h1334 |
||
| 650 | 1 | 4 |
_aSorgo forrajero. _9108748 |
| 650 | 1 | 4 |
_aSorgo. _9108622 |
| 650 | 1 | 4 |
_aSorgo _xUtilización. _9108730 |
| 700 | 0 |
_aRoss, William M. _ecomp. _9100200 |
|
| 901 | _aBK | ||
| 942 | _cLIBRO | ||
| 949 |
_a633.17 W3Y _bBC _cLIBRO _d33724000859153 _eLIBRO _fc.2 _h102065 _i67594 _si |
||
| 949 |
_a633.17 W3Y _bBC _cLIBRO _d33724000987566 _eLIBRO _h34557 _i67594 _si |
||
| 949 |
_a633.17 W3Y _bBC _cLIBRO _d33724002021561 _eLIBRO _fc.3 _h34559 _i67594 _si |
||
| 999 |
_c62446 _d62446 |
||